[Event "First Saturday 2010 may FM-A"]
[Site "Budapest"]
[Date "2010.05.05"]
[Round "5"]
[White "Koczo, Kristof"]
[Black "Kantor, Reka"]
[Result "1/2-1/2"]
[WhiteElo "2167"]
[BlackElo "1962"]
[PlyCount "134"]
[EventDate "2010.05.01"]

1. d4 Nf6 2. c4 e6 3. Nf3 Bb4+ 4. Bd2 Qe7 5. g3 Nc6 6. Nc3 O-O 7. Bg2 d6 8. O-O
a5 9. a3 Bxc3 10. Bxc3 a4 11. d5 Nd8 12. Nd2 e5 13. e4 Nd7 14. f4 b6 15. Qh5 g6
16. Qh6 f6 17. Qh4 Qg7 18. Kh1 Nb7 19. Bh3 Nbc5 20. Rf3 Ba6 21. Raf1 Rae8 22.
f5 g5 23. Qh5 Qf7 24. Bg4 Qxh5 25. Bxh5 Ra8 26. h4 h6 27. Bb4 Kg7 28. Rc1 Rfb8
29. Rfc3 Ra7 30. Kg2 Rh8 31. Rh1 Raa8 32. Bd1 Bb7 33. Re3 Ba6 34. Be2 Bb7 35.
Nb1 Ba6 36. Nc3 Rac8 37. Nb5 Bxb5 38. cxb5 Ra8 39. Bd1 Ra7 40. Bc2 Rha8 41.
Ree1 Rh8 42. Rh2 Raa8 43. Reh1 Rab8 44. Kf3 Ra8 45. Ke3 Rab8 46. Bd1 Ra8 47.
Bh5 Nb3 48. Bg6 Nf8 49. hxg5 fxg5 50. Bh5 Nd7 51. Rc2 Rac8 52. Rc3 Rhf8 53. Bd1
Nbc5 54. Rc4 Ra8 55. Rh2 Rfb8 56. Rhc2 Ra7 57. Rf2 Rf8 58. Rc1 Rf7 59. Bc2 Rf8
60. Rh1 Rf6 61. Rfh2 Ra8 62. Bd2 Rh8 63. Kf3 Rff8 64. Be3 Ra8 65. Ke2 Nf6 66.
Bxc5 bxc5 67. Kd3 Ng4 1/2-1/2

[Event "First Saturday 2010 may FM-A"]
[Site "Budapest"]
[Date "2010.05.05"]
[Round "5"]
[White "Darazs, Zoltan"]
[Black "Daamen, Ferry"]
[Result "1-0"]
[WhiteElo "2214"]
[BlackElo "2063"]
[PlyCount "103"]
[EventDate "2010.05.01"]

1. e4 e5 2. Nf3 Nc6 3. Bb5 a6 4. Ba4 Nf6 5. d4 exd4 6. O-O Be7 7. Re1 b5 8. e5
Nxe5 9. Rxe5 bxa4 10. Nxd4 O-O 11. Nf5 Re8 12. Bg5 Bb7 13. Rxe7 Rxe7 14. Bxf6
Re1+ 15. Qxe1 Qxf6 16. Ne3 Re8 17. Qb4 Qc6 18. Qd2 d5 19. c3 f5 20. Na3 d4 21.
cxd4 f4 22. Rc1 fxe3 23. fxe3 Qb6 24. Nc4 Qb5 25. Ne5 Rf8 26. Re1 Be4 27. Qe2
Rb8 28. Qxb5 Rxb5 29. Re2 c5 30. a3 c4 31. Rd2 Bd3 32. Kf2 Kf8 33. Nxd3 cxd3
34. e4 Ke7 35. Ke3 Rb3 36. d5 Kd6 37. Kd4 h5 38. g3 g5 39. h3 h4 40. gxh4 gxh4
41. e5+ Kc7 42. Rxd3 Rxb2 43. Rc3+ Kd7 44. e6+ Ke7 45. Rc7+ Kd8 46. d6 Rd2+ 47.
Ke5 Re2+ 48. Kf5 Rf2+ 49. Kg5 Re2 50. e7+ Ke8 51. Rc8+ Kd7 52. Rd8+ 1-0

[Event "First Saturday 2010 may FM-A"]
[Site "Budapest"]
[Date "2010.05.05"]
[Round "5"]
[White "Tran, Minh Thang"]
[Black "Henrichsen, Jens"]
[Result "1-0"]
[WhiteElo "2021"]
[BlackElo "1990"]
[PlyCount "35"]
[EventDate "2010.05.01"]

1. d4 Nf6 2. Bg5 c5 3. d5 d6 4. Nc3 a6 5. a4 b6 6. e4 h6 7. Bh4 Nbd7 8. f4 g6
9. Nf3 Qc7 10. Bc4 Bg7 11. Qe2 O-O 12. O-O Re8 13. e5 Nh5 14. e6 Nf8 15. exf7+
Kxf7 16. Ne5+ Kg8 17. Nxg6 Nxg6 18. Qxh5 1-0

[Event "First Saturday 2010 may FM-A"]
[Site "Budapest"]
[Date "2010.05.06"]
[Round "6"]
[White "Erhard, Jacob"]
[Black "Henrichsen, Jens"]
[Result "1-0"]
[WhiteElo "2092"]
[BlackElo "1990"]
[PlyCount "79"]
[EventDate "2010.05.01"]

1. e4 c5 2. Nc3 Nc6 3. f4 e6 4. g3 g6 5. Bg2 d6 6. Nge2 Bg7 7. O-O Nge7 8. d3
O-O 9. Be3 Nd4 10. Rb1 Rb8 11. b4 Nxe2+ 12. Nxe2 cxb4 13. Bxa7 Ra8 14. Be3 Rxa2
15. Rxb4 Qa5 16. Rb1 Qa4 17. Nc1 Bd4 18. Bxd4 Qxd4+ 19. Kh1 Ra7 20. Qd2 Bd7 21.
Ne2 Qa4 22. Rb4 Qa5 23. c3 Rc8 24. Rfb1 Rc7 25. Qe3 d5 26. g4 dxe4 27. dxe4 f5
28. exf5 gxf5 29. g5 Ng6 30. Kg1 Kf7 31. Bxb7 Qc5 32. Rd4 Qa3 33. Bg2 Qa2 34.
Rdb4 Rc4 35. R4b2 Qa4 36. Bf3 Nxf4 37. Nxf4 Rxf4 38. Bh5+ Ke7 39. Qc5+ Kd8 40.
Rb8+ 1-0

[Event "First Saturday 2010 may FM-A"]
[Site "Budapest"]
[Date "2010.05.06"]
[Round "6"]
[White "Daamen, Ferry"]
[Black "Tran, Minh Thang"]
[Result "1-0"]
[WhiteElo "2063"]
[BlackElo "2021"]
[PlyCount "23"]
[EventDate "2010.05.01"]

1. e4 c5 2. Nf3 g6 3. c4 Bg7 4. d4 cxd4 5. Nxd4 Nc6 6. Be3 d6 7. Nc3 Nf6 8. Be2
O-O 9. O-O Ng4 10. Bxg4 Bxg4 11. Nxc6 Qd7 12. Nxe7+ 1-0

[Event "First Saturday 2010 may FM-A"]
[Site "Budapest"]
[Date "2010.05.06"]
[Round "6"]
[White "Kantor, Reka"]
[Black "Darazs, Zoltan"]
[Result "1/2-1/2"]
[WhiteElo "1962"]
[BlackElo "2214"]
[PlyCount "33"]
[EventDate "2010.05.01"]

1. e4 e5 2. Nf3 Nc6 3. Bb5 a6 4. Ba4 Nf6 5. O-O Be7 6. Re1 b5 7. Bb3 O-O 8. c3
d5 9. exd5 Nxd5 10. Nxe5 Nxe5 11. Rxe5 c6 12. d4 Bd6 13. Re1 Qh4 14. g3 Qh3 15.
Re4 Qd7 16. Re1 Qh3 17. Re4 1/2-1/2

[Event "First Saturday 2010 may FM-A"]
[Site "Budapest"]
[Date "2010.05.06"]
[Round "6"]
[White "Kapferer, Romed"]
[Black "Koczo, Kristof"]
[Result "1/2-1/2"]
[WhiteElo "2085"]
[BlackElo "2167"]
[PlyCount "89"]
[EventDate "2010.05.01"]

1. e4 c5 2. Nc3 d6 3. f4 e6 4. Nf3 Nf6 5. Bb5+ Bd7 6. O-O Bxb5 7. Nxb5 Nxe4 8.
d3 Nf6 9. f5 e5 10. Be3 Be7 11. Nd2 a6 12. Nc3 d5 13. Bg5 d4 14. Bxf6 Bxf6 15.
Nce4 b6 16. Nxf6+ Qxf6 17. Ne4 Qc6 18. Qg4 Rg8 19. f6 g6 20. Qh3 h5 21. Qf3 Ra7
22. Rae1 Kd8 23. Qg3 Re8 24. Ng5 Qd5 25. b3 Nc6 26. Re2 Rd7 27. Rfe1 Qd6 28.
Ne4 Qe6 29. a4 Qg4 30. Qxg4 hxg4 31. Nf2 g3 32. hxg3 Kc7 33. g4 Rh8 34. g3 Rdd8
35. Ne4 Rh3 36. Kg2 Rdh8 37. Ng5 Rh2+ 38. Kf3 Rxe2 39. Rxe2 Rf8 40. Rh2 Kd6 41.
Rh7 Nd8 42. Ke4 Ne6 43. Nxe6 Kxe6 44. g5 b5 45. Rh1 1/2-1/2

[Event "First Saturday 2010 may FM-A"]
[Site "Budapest"]
[Date "2010.05.06"]
[Round "6"]
[White "Zilahi, Gabor"]
[Black "Fendrich, Zoltan"]
[Result "1-0"]
[WhiteElo "1959"]
[BlackElo "1971"]
[PlyCount "91"]
[EventDate "2010.05.01"]

1. d4 Nf6 2. Bg5 d5 3. Bxf6 exf6 4. e3 Nc6 5. c4 Bb4+ 6. Nc3 Be6 7. cxd5 Bxd5
8. Nf3 O-O 9. Be2 Re8 10. O-O Qd7 11. Nxd5 Qxd5 12. a3 Ba5 13. Rc1 Rad8 14. Bc4
Qd7 15. Bb5 Qe6 16. Qa4 Bb6 17. Bxc6 bxc6 18. Qxc6 Qf5 19. Rc3 Re6 20. Qc4 Re4
21. Nd2 Rh4 22. Qc6 Rh6 23. Qe4 Qh5 24. Nf3 c5 25. dxc5 Bc7 26. g3 f5 27. Qb7
Be5 28. Rd3 Rf8 29. Rfd1 Bf6 30. b4 g5 31. Rd6 f4 32. exf4 gxf4 33. Qe4 fxg3
34. fxg3 Kh8 35. R6d5 Qh3 36. Qf5 Qxf5 37. Rxf5 Bb2 38. Rd3 Ra6 39. Ne5 Kg7 40.
Nc4 Bc1 41. Rc3 Kg6 42. Rd5 Bg5 43. Ne5+ Kh6 44. c6 f6 45. Nf3 Rc8 46. b5 1-0

[Event "First Saturday 2010 may FM-A"]
[Site "Budapest"]
[Date "2010.05.06"]
[Round "6"]
[White "Kubacsni, Vilmos"]
[Black "Zala, Gyula"]
[Result "1-0"]
[WhiteElo "2075"]
[BlackElo "2042"]
[PlyCount "55"]
[EventDate "2010.05.01"]

1. e4 e5 2. Nf3 d5 3. d4 Qe7 4. Nxe5 f6 5. Nd3 dxe4 6. Nf4 g5 7. Nd5 Qg7 8.
Nbc3 c6 9. Qh5+ Kd8 10. Ne3 Bb4 11. Bd2 Bxc3 12. Bxc3 Qg6 13. Qe2 b6 14. O-O-O
h5 15. d5 c5 16. d6 Bd7 17. Nd5 Nc6 18. h3 Rh7 19. f3 exf3 20. gxf3 f5 21. f4
Nd4 22. Bxd4 cxd4 23. Qe5 Rc8 24. Nc7 g4 25. hxg4 hxg4 26. Rxh7 Qxh7 27. Bc4
Rb8 28. Bd5 1-0